000 00532nam a2200193Ia 4500
003 LDD
008 181029s9999 xx 000 0 und d
020 _a8189000942
_c995.00
040 _cLDD
100 _aWeber, Alfred
245 0 _aHistory of philosophy
_cAlfred Weber
260 _aNew Delhi
_bVishvabharti
_c2007
300 _a595p.
365 _b995.00
901 _a5743
_b04-03-2010
902 _aSBS/586/D/09
_b09-03-2010
_cF
_dSBS
_eSW
903 _aDiscount-15
_bReqst by : G.Thomas
942 _2ddc
_cBK
999 _c89870
_d89870